Ứng dụng một số phương pháp phổ nghiên cứu cấu trúc phân tử

Salvato in:
Dettagli Bibliografici
Autore principale: Nguyễn Hữu Đĩnh
Natura: Libro
Lingua:Undetermined
Pubblicazione: Hà Nội Giáo Dục 1999
Soggetti:
Tags: Aggiungi Tag
Nessun Tag, puoi essere il primo ad aggiungerne! !
Thư viện lưu trữ: Trung tâm Học liệu Trường Đại học Cần Thơ
LEADER 00664nam a2200193Ia 4500
001 CTU_47437
008 210402s9999 xx 000 0 und d
082 |a 543.0858 
082 |b Đ312 
100 |a Nguyễn Hữu Đĩnh 
245 0 |a Ứng dụng một số phương pháp phổ nghiên cứu cấu trúc phân tử 
245 0 |c Nguyễn Hữu Đĩnh, Trần Thị Đà 
260 |a Hà Nội 
260 |b Giáo Dục 
260 |c 1999 
526 |a Quang phổ 
526 |b SP360 
650 |a chemistry, analytic,molecular structure - spectrum analysis 
980 |a Trung tâm Học liệu Trường Đại học Cần Thơ